A travers la République d´Haïti : (Record no. 22131)
[ view plain ]
| 000 -CABECERA | |
|---|---|
| campo de control de longitud fija | 00824nam a2200241 a 4500 |
| 001 - NÚMERO DE CONTROL | |
| campo de control | 000022634 |
| 005 - FECHA Y HORA DE LA ÚLTIMA TRANSACCIÓN | |
| campo de control | 20200930021717.0 |
| 008 - DATOS DE LONGITUD FIJA--INFORMACIÓN GENERAL | |
| campo de control de longitud fija | 101014s2000 ht 001 0 cpf d |
| 020 ## - NÚMERO INTERNACIONAL ESTÁNDAR DEL LIBRO | |
| Número Internacional Estándar del Libro | 9789993580201 |
| 040 ## - FUENTE DE LA CATALOGACIÓN | |
| Centro catalogador/agencia de origen | DO-SdBNP |
| Lengua de catalogación | spa |
| Centro/agencia transcriptor | BNPHU |
| 041 07 - CÓDIGO DE LENGUA | |
| Código de lengua del texto/banda sonora o título independiente | fr |
| 082 ## - NÚMERO DE LA CLASIFICACIÓN DECIMAL DEWEY | |
| Número de clasificación | 917.295 |
| Número de documento/Ítem | C511t |
| 049 ## - FONDOS LOCALES (OCLC) | |
| Fondos de biblioteca | BNPD |
| 100 1# - ENTRADA PRINCIPAL--NOMBRE DE PERSONA | |
| Nombre de persona | Chauvet, Henri, |
| Fechas asociadas al nombre | 1863-1928 |
| 9 (RLIN) | 46583 |
| 245 10 - MENCIÓN DE TÍTULO | |
| Título | A travers la République d´Haïti : |
| Resto del título | relations de la tournée prêsidentielle dans le nord / |
| Mención de responsabilidad, etc. | Henri Chauvet, Raoul Prophète. |
| 260 ## - PUBLICACIÓN, DISTRIBUCIÓN, ETC. | |
| Lugar de publicación, distribución, etc. | Port-au-Prince, Haití : |
| Nombre del editor, distribuidor, etc. | Fardin, |
| Fecha de publicación, distribución, etc. | [2000?]. |
| 300 ## - DESCRIPCIÓN FÍSICA | |
| Extensión | 454 p. ; |
| Dimensiones | 21 cm. |
| 533 ## - NOTA DE REPRODUCCIÓN | |
| Tipo de reproducción | Facsímil: |
| Institución responsable de la reproducción | París : |
| -- | Imprimerie V Victor Goupy, |
| Fecha de la reproducción | 1894. |
| 546 ## - NOTA DE LENGUA/LENGUAJE | |
| Nota de lengua/lenguaje | Francés |
| 651 #4 - PUNTO DE ACCESO ADICIONAL DE MATERIA--NOMBRE GEOGRÁFICO | |
| Nombre geográfico | Haití |
| Subdivisión general | Descripciones Y Viajes |
| 9 (RLIN) | 35165 |
| 700 1# - PUNTO DE ACCESO ADICIONAL--NOMBRE DE PERSONA | |
| Nombre de persona | Prophète, Raoul |
| 9 (RLIN) | 46584 |
| 910 ## - DATOS DE OPCIÓN DEL USUARIO (OCLC) | |
| Datos de opción del usuario | Validado. Control de calidad EMS. |
| Estado de retiro | Estado de pérdida | Restricciones de uso | No para préstamo | Código de colección | Localización permanente | Ubicación/localización actual | Ubicación en estantería | Fecha de adquisición | Número de inventario | Total de préstamos | Signatura topográfica completa | Código de barras | Fecha visto por última vez | Precio válido a partir de | Tipo de ítem Koha | Número de copia |
|---|---|---|---|---|---|---|---|---|---|---|---|---|---|---|---|---|
| Excluido de préstamo | Monografías: Libros y Folletos | General | General | Depósito | 14.10.2010 | LF1 | 917.295 C511t | 22634-10 | 25.06.2020 | 25.06.2020 | No se presta | |||||
| Excluido de préstamo | Monografías: Libros y Folletos | General | General | Depósito | 14.10.2010 | LF1 | 917.295 C511t | 22634-20 | 25.06.2020 | 25.06.2020 | No se presta | e. 2 |
